000 00565nas a2200217 4500
001 BR9600645
003 BR-BrBNA
005 20231205094645.0
007 ta
008 230509b bl.|||p| |||| 00| 00por d
040 _aBR-BrBNA
_bpor
_cBiblioteca Nacional de Agricultura
041 _a(Pt)
072 _aL01
100 1 _aGrigoletti, C.
245 1 _aAves x verao
650 _aAve
650 _aCriacao
773 0 _tRevista Batavo (Brazil)
_x
_g(Oct 1995), v. 4(48) p. 10-11
_wBR9600645
909 _a202311
_bLúcia
_c55
_dLúcia Elande
942 _2AGRIS
_n0
_cANA
999 _c145930
_d145930